| 000 | 01650nam a2200421 i 4500 | ||
|---|---|---|---|
| 001 | 192775 | ||
| 003 | ES-MaACL | ||
| 005 | 20240302062945.0 | ||
| 007 | ta | ||
| 008 | 230522s2018||||fr a g|bc 001 0 fre d | ||
| 035 | _a(OCoLC)961163149 | ||
| 035 | _aocn932858864 | ||
| 035 | _zocm930034549 | ||
| 035 | _aNLGGC398394784 | ||
| 035 | _aCHVBK355356031 | ||
| 035 | _aCHDSB006475709 | ||
| 040 |
_bspa _cES-MaACL |
||
| 041 | 0 | _2639-2 | |
| 245 | 0 | 3 |
_aLa bibliothèque de Pierre Bergé : _bquatrième vente, à la mémoire de Pierre Bergé (1930-2017) / _ccommissaire-priseur, Antoine Godeau |
| 246 |
_aLa bibliothèque de Pierre Bergé : _bquatrième vente, 14 décembre 2018 |
||
| 264 | 4 |
_aParis : _bPierre Bergé & associés : _bSothebys, _c[2018] |
|
| 300 |
_a954 páginas : _bilustraciones (color) ; _c32 cm. |
||
| 336 |
_btxt _2rdacontent _aTexto |
||
| 337 |
_bn _2rdamedia _asin mediación |
||
| 338 | _avolumen | ||
| 500 | _aÍndice | ||
| 500 | _aCatálogo de la subasta de los lotes 825 al 954 de la biblioteca del coleccionista Pierre Bergé, celebrada en la sala 9 del Drouot Richelieu de París el 14 de diciembre de 2018 | ||
| 504 | _aReferencias bibliográficas | ||
| 600 | 1 | 4 |
_aBerger, Pierre, _d1930-2017 _927967 |
| 650 | 7 |
_aBibliotecas privadas- _9163545 _vCatálogos |
|
| 700 | 1 |
_aGodeau, Antoine _9235438 _eorm |
|
| 774 | 0 | _tPassions d'un collectionneur | |
| 774 | 0 | _tLes bibliophiles vivent cinq mille ans | |
| 852 |
_aES-MaACL _bR.154397 _cDEPOJ _jN-8361 _hDonación: Editorial _xCartoné _9200074 |
||
| 942 |
_n0 _cMONOGRAFIA |
||
| 999 |
_c192775 _d192775 |
||